| 000 | 00778nam a2200241 4500 | ||
|---|---|---|---|
| 003 | CO-ViMGA | ||
| 020 | _a9583021873 | ||
| 020 | _a9789583021879 | ||
| 040 |
_aCO-ViMGA _bspa _cCO-ViMGA |
||
| 082 | 0 | 4 |
_a759.7 _bG82v |
| 100 | 1 |
_aGuerman, Mikhaïl. _96333 |
|
| 245 | 1 | 0 |
_aVasily Kandinsky / _cMikhaïl Guerman. |
| 260 |
_aColombia: _bPanamericana, _c2006. |
||
| 300 |
_a159 p. : _bil. ; 32 cm. |
||
| 490 | _aColección de grandes maestros. | ||
| 650 | 1 | 4 |
_aDibujo abstracto. _96337 |
| 650 | 1 | 4 |
_aKandinsky, Wassili -Trabajos pictóricos. _96335 |
| 650 | 1 | 4 |
_aKandinsky, Wassily - Crítica e interpretación. _96334 |
| 650 | 1 | 4 |
_aPintores rusos. _96336 |
| 700 | 1 |
_aCote Baraibar, Ramón, _erev. _96339 |
|
| 700 | 1 |
_aSuarez Relaiza, Héctor Daniel, _etr. _96338 |
|
| 942 |
_2ddc _cBK |
||
| 999 |
_c37508 _d37508 |
||